00574 a2200169 4500952012700000999001500127020001800142050001800160100002700178245006800205250001200273264004400285300001200329500001900341650001700360942002700377 001040708NFICaLLbCCLcGENd2021-06-15l1oKF9601GLA2013p030713r2023-04-04 00:00:00s2023-03-28tc.1w2021-06-15yBK c9402d9402 a9780199678549 aKF9601GLA2013 aGlazebrook P.Reeditor aBlackstone's statutes criminal law 2013-2014 /cP. R Glazebrook a23rd ed aOxford:bOxford university press,c2013 a414p. ; aincludes index acriminal law 2lcccBKh9601iGLAkKF